Online handwritten word level recognition system for malayalam using neural networks (Record no. 5376)

MARC details
000 -LEADER
fixed length control field 00546nam a22001697a 4500
003 - CONTROL NUMBER IDENTIFIER
control field OSt
005 - DATE AND TIME OF LATEST TRANSACTION
control field 20220107122821.0
008 - FIXED-LENGTH DATA ELEMENTS--GENERAL INFORMATION
fixed length control field 161007b xxu||||| |||| 00| 0 eng d
040 ## - CATALOGING SOURCE
Transcribing agency IIITMK
100 ## - MAIN ENTRY--PERSONAL NAME
Personal name Ashly P Raju (93515009)
9 (RLIN) 10685
245 ## - TITLE STATEMENT
Title Online handwritten word level recognition system for malayalam using neural networks
Statement of responsibility, etc. Ashly P Raju
300 ## - PHYSICAL DESCRIPTION
Extent M Phil CS - Main Project
502 ## - DISSERTATION NOTE
Degree type M Phil CS<br/>
Name of granting institution 2015-16
Year degree granted INT
-- Dr. Elizabeth Sherly<br/>
650 ## - SUBJECT ADDED ENTRY--TOPICAL TERM
Topical term or geographic name entry element COMPUTER SCIENCE
9 (RLIN) 10686
650 ## - SUBJECT ADDED ENTRY--TOPICAL TERM
Topical term or geographic name entry element NEURAL NETWORKS
9 (RLIN) 10687
942 ## - ADDED ENTRY ELEMENTS (KOHA)
Source of classification or shelving scheme Dewey Decimal Classification
Koha item type
Holdings
Withdrawn status Lost status Source of classification or shelving scheme Damaged status Not for loan Collection code Home library Current library Shelving location Date acquired Total Checkouts Barcode Date last seen Price effective from Koha item type
    Dewey Decimal Classification     Non Fiction IIITM-K Kerala University of Digital Sciences, Innovation and Technology Knowledge Centre   07/10/2016   R-897 07/10/2016 07/10/2016 Project Reports